000 00613nam a22001697a 4500
020 _qHardcover.
082 _a610.28
100 _aAlvi, Muhammad Azeem Ur Rehman
245 _aMechanical Design of Prototype Pilot Scale Plant for Polymer Membrane Modules Manufacturing
_cMuhammad Azeem Ur Rehman Alvi.
260 _aIslamabad:
_bSMME - NUST,
_c2016.
300 _a51 p.: ill.;
_c30cm.
650 _aMS-Thesis.
_918721
700 _aDr. Nasir Mahmood Ahmad
_921080
856 _uhttp://10.250.8.41:8080/xmlui/handle/123456789/6619
942 _2ddc
_cTHE
999 _c529235
_d529235